Statistics for Countries that ever have female leader (with map)

Click here to take the quiz!

General Stats

  • This quiz has been taken 189 times
  • The average score is 38 of 60

Answers on the Map

Answers color-coded by a green-red scale on the quiz's map according to % correct below.
 

Answer Stats

Country% Correct
United Kingdom
97%
Australia
94%
Germany
94%
India
91%
Brazil
90%
Argentina
88%
New Zealand
88%
Norway
86%
Chile
85%
Finland
85%
Canada
84%
Denmark
81%
Iceland
81%
Peru
80%
South Korea
77%
Pakistan
75%
Philippines
75%
Thailand
75%
Portugal
73%
Indonesia
70%
Poland
70%
Latvia
69%
Lithuania
69%
Myanmar
69%
Croatia
68%
Slovakia
68%
Sri Lanka
68%
Switzerland
68%
Israel
67%
Ukraine
67%
Bangladesh
66%
Serbia
65%
Slovenia
64%
Panama
63%
Bulgaria
61%
Dominica
61%
Haiti
61%
Taiwan
61%
Jamaica
59%
Turkey
59%
Costa Rica
58%
Guyana
58%
Bahamas
57%
Moldova
53%
Nicaragua
51%
Trinidad and Tobago
51%
Kosovo
49%
Liberia
47%
San Marino
47%
Malawi
43%
Namibia
43%
Rwanda
43%
Mali
41%
Burundi
37%
Central African Republic
36%
Mozambique
36%
São Tomé and Príncipe
35%
Senegal
35%
Marshall Islands
28%
Kyrgyzstan
27%

Score Distribution

Percentile by Number Answered

Percent of People with Each Score

Your Score History

You have not taken this quiz